=LDR 00000nam 2200000 4500 =001 INLIS000000000060505 =005 20220214023154 =035 ##$$a 0010-0222000059 =007 ta =008 220214###########################0#ind## =020 ##$$a tidak Teridentifikasi =082 ##$$a R.351.702 6 =084 ##$$a R.351.702 6 Ind p =245 ##$$a Peraturan Menteri Dalam Negeri No. 137 Th 2017 Ttg Kode dan Data wilayah administrasi Pemerintahan /$c Indonesia =300 ##$$a 236 halaman : $b ilustrasi ; $c 20 cm =650 #4$$a Administrasi Pemerintah - Undang2 dan Peraturan =264 ##$$a Jakarta :$b Direktorat Jenderal Bina Administrasi Kewilayahan,$c Tidak teridentifikasi =336 ##$$a teks$2 rdacontent =337 ##$$a lain-lain$2 rdamedia =338 ##$$a lain-lain$2 rdacarrier =990 ##$$a 05730573